000 00584nam a22001697a 4500
008 160528b xxu||||| |||| 00| 0 eng d
020 _a007253747
082 _22003
_aDC 650.01
_bSl1p
100 _99592
_aSlater, Jeffrey
245 _aPractical business math procedures/
_cJeffrey Slater.
250 _aBrieft 7th Edition
260 _aBoston:
_bIrwin/McGraw-Hill,
_cc2000.
300 _axii, 295 + various paging:
_bcolor illustrations;
_c30 cm.
500 _aIncludes glossary and index.
650 0 _99594
_aBusiness mathematics
_xProblems, exercises, etc.
942 _2ddc
_cDC
999 _c2886
_d2886